00395nam a2200157Ia 45000010006000000050017000060080041000230410008000640820015000721000030000872450064001172600009001813000031001906500008002216540008002292542120260414151149.0260414t1983||||xx |||||||||||||| ||spa|| aESP a346.5bP12 aPeirano Facio, JorgeeAUT 0aObligaciones divisibles e indivisibles del código civilb c1983 aix, 90 páginas :c17 cm. aDER aCDE